Kinesiology of the musculoskeletal system : (رقم التسجيلة. 21153)

تفاصيل مارك
000 -الفاتح
حقل البيانات ثابتة الطول 01359cam a22003734a 4500
001 - رقم الضبط
رقم الضبط 12391352
003 - محدد رقم الضبط
رقم الضبط OSt
005 - وقت وتاريخ اخر تعامل مع التسجيلة
رقم الضبط 20150408114010.0
008 - عناصر البيانات ثابتة الطول - معلومات عامة
حقل البيانات ثابتة الطول 010426s2002 moua b 001 0 eng
010 ## - رقم ضبط مكتبة الكونجرس
رقم ضبط مكتبة الكونجرس 2001032610
020 ## - الرقم الدولى المعيارى للكتب
الرقم الدولى المعيارى للكتاب 0815163495
035 ## - رقم ضبط النظام
رقم ضبط النظام (DNLM)101094718
040 ## - مصدر الفهرسة
وكالة الفهرسة الأصلية DNLM/DLC
وكالة النسخ DLC
وكالة التعديل DLC
042 ## - رمز التحقق
رمز التحقق pcc
050 00 - رقم طلب مكتبة الكونجرس
رقم التصنيف QP303
رقم المادة .N465 2002
060 10 - رقم الطلب بالمكتبة الطبية الوطنية
رقم التصنيف WB 890
رقم المادة N492k 2002
082 00 - رقم تصنيف ديوى العشرى
رقم التصنيف 612.76
رقم الطبعة 21
100 1# - المدخل الرئيسى - إسم شخصى
الإسم الشخصى Neumann, Donald A.
9 (RLIN) 10176
245 10 - بيان العنوان
العنوان Kinesiology of the musculoskeletal system :
بقية العنوان foundations for physical rehabilitation /
بيان المسئوليه,etc Donald A. Neumann ; artwork by Elisabeth E. Rowan.
250 ## - بيان الطبعة
بيان الطبعة 1st ed.
260 ## - PUBLICATION, DISTRIBUTION, ETC. (IMPRINT)
مكان الناشر او الموزع St. Louis :
اسم الناشر او الموزع Mosby,
تاريخ النشر أو التوزيع c2002.
300 ## - الوصف المادى
التعداد xxii, 597 p. :
تفاصيل ماديه اخرى للوعاء ill. (some col.) ;
أبعاد الوعاء 29 cm.
504 ## - تبصرة ببليوجرافية
تبصرة ببليوجرافية,الخ Includes bibliographical references and index.
650 #0 - المدخل الاضافى بالموضوع-مصطلح موضوعى
مصطلح موضوعي أو اسم جغرافي كعنصر مدخل Kinesiology.
9 (RLIN) 10177
650 #0 - المدخل الاضافى بالموضوع-مصطلح موضوعى
مصطلح موضوعي أو اسم جغرافي كعنصر مدخل Human mechanics.
9 (RLIN) 10178
650 #0 - المدخل الاضافى بالموضوع-مصطلح موضوعى
مصطلح موضوعي أو اسم جغرافي كعنصر مدخل Musculoskeletal system
التقسيم الفرعي العام Diseases
-- Patients
-- Rehabilitation.
9 (RLIN) 10179
650 12 - المدخل الاضافى بالموضوع-مصطلح موضوعى
مصطلح موضوعي أو اسم جغرافي كعنصر مدخل Kinesiology, Applied.
9 (RLIN) 10180
650 22 - المدخل الاضافى بالموضوع-مصطلح موضوعى
مصطلح موضوعي أو اسم جغرافي كعنصر مدخل Biomechanics.
9 (RLIN) 5447
650 22 - المدخل الاضافى بالموضوع-مصطلح موضوعى
مصطلح موضوعي أو اسم جغرافي كعنصر مدخل Movement.
9 (RLIN) 8392
650 22 - المدخل الاضافى بالموضوع-مصطلح موضوعى
مصطلح موضوعي أو اسم جغرافي كعنصر مدخل Musculoskeletal Physiology.
9 (RLIN) 10181
942 ## - عناصر المدخل الإضافي( كوها)
مصدر التصنيف او مخطط الترفيف Dewey Decimal Classification
Koha [default] item type كتاب
المقتنيات
حالة الفقد نموذج السعر الفعال حالة تلف ليس للاعارة رقم الطلب تاريخ الاكتساب الموقع الحالي الباركود الفرع الرئيسي Date last seen نوع المادة فى نظام كوها مصدر التصنيف او خطة الترفيف Total Checkouts
  2013-03-10     612.76 N D K 2012-04-04 مكتبة كلية العلوم الطبية التطبيقية بالمجمعة - طالبات (AMF) 00025877 مكتبة كلية العلوم الطبية التطبيقية بالمجمعة - طالبات (AMF) 2013-03-10 كتاب Dewey Decimal Classification